| 000 | 00799nam2a2200229 4500 | ||
|---|---|---|---|
| 001 | rc\2830065 | ||
| 005 | 20260315045054.0 | ||
| 035 | _a(NLR Aleph) 006988055 | ||
| 090 |
_a13571568 _c13571568 |
||
| 100 | _a20110624d1930 u y0rusy50 ca | ||
| 101 | 0 | _arus | |
| 102 | _aRU | ||
| 105 | _ay z ||||| | ||
| 200 | 1 | _aСпорынья и какой от нее вред | |
| 210 | _d1930 | ||
| 461 | 0 |
_1001rc\2830061 _12001#$a"Здоровая деревня", серия$eВып. 2 -$vВып. 9 _95598746 _cМосква _d1929 _e3-е изд. _nГос. мед. изд-во _oВып. 2 - _t"Здоровая деревня", серия _vВып. 9 |
|
| 700 | 1 |
_aБархан _bЭ.М. |
|
| 801 | 0 |
_aRU _bNLR _gpsbo |
|
| 801 | 1 |
_aRU _bELAR _2rusmarc |
|
| 852 |
_aNLR _j61/2634(9) |
||
| 942 | _cUNSPEC | ||
| 980 | _aNB | ||